[Event "Campeonato España Sub 16"]
[Site "Salobreña"]
[Date "2017.07.28"]
[Round "7"]
[White "Munoz Pelaez, Manuel"]
[Black "Ayats Llobera, Gerard"]
[Result "1/2-1/2"]
[Board "3"]
[WhiteClock "1:30"]
[WhiteElo "2104"]
[WhiteCountry "ESP"]
[WhiteFideId "22274723"]
[WhiteEloChange "4"]
[BlackClock "1:30"]
[BlackTitle "FM"]
[BlackElo "2261"]
[BlackCountry "ESP"]
[BlackFideId "32067607"]
[BlackEloChange "-4"]

1. e4 {[%clk 1:30:00]} e5 {[%clk 1:30:00]} 2. Nf3 {[%clk 1:31:00]} Nc6 {[%clk
1:31:00]} 3. Bb5 {[%clk 1:31:00]} a6 {[%clk 1:31:00]} 4. Ba4 {[%clk 1:31:00]} Nf6
{[%clk 1:31:00]} 5. O-O {[%clk 1:31:00]} b5 {[%clk 1:31:00]} 6. Bb3 {[%clk
1:31:00]} Be7 {[%clk 1:31:00]} 7. d3 {[%clk 1:31:00]} d6 {[%clk 1:30:00]} 8. a3
{[%clk 1:31:00]} O-O {[%clk 1:30:00]} 9. Nc3 {[%clk 1:31:00]} Na5 {[%clk
1:30:00]} 10. Ba2 {[%clk 1:31:00]} Be6 {[%clk 1:30:00]} 11. b4 {[%clk 1:18:00]}
Nc6 {[%clk 1:30:00]} 12. Nd5 {[%clk 1:18:00]} Nd4 {[%clk 1:29:00]} 13. Be3 {[%clk
1:09:00]} Nxd5 {[%clk 0:55:00]} 14. Bxd4 {[%clk 0:58:00]} exd4 {[%clk 0:47:00]}
15. Bxd5 {[%clk 0:58:00]} Bxd5 {[%clk 0:48:00]} 16. exd5 {[%clk 0:58:00]} Bf6
{[%clk 0:48:00]} 17. Qd2 {[%clk 0:49:00]} c5 {[%clk 0:16:17]} 18. dxc6 {[%clk
0:28:00]} Rc8 {[%clk 0:16:43]} 19. a4 {[%clk 0:23:00]} bxa4 {[%clk 0:13:42]} 20.
Rxa4 {[%clk 0:24:00]} Rxc6 {[%clk 0:14:08]} 21. Rfa1 {[%clk 0:23:00]} Qc7 {[%clk
0:14:14]} 22. Rxa6 {[%clk 0:19:08]} Rxc2 {[%clk 0:14:22]} 23. Qd1 {[%clk
0:19:32]} Rb8 {[%clk 0:11:11]} 24. Ra8 {[%clk 0:18:16]} Rb2 {[%clk 0:11:09]} 25.
Rxb8+ {[%clk 0:11:27]} Qxb8 {[%clk 0:11:38]} 26. Qe1 {[%clk 0:11:35]} g6 {[%clk
0:09:21]} 27. Rb1 {[%clk 0:11:52]} Rxb1 {[%clk 0:09:34]} 28. Qxb1 {[%clk
0:12:17]} Qb5 {[%clk 0:09:57]} 29. Qb3 {[%clk 0:10:44]} d5 {[%clk 0:10:15]} 30.
g3 {[%clk 0:10:58]} Kg7 {[%clk 0:10:24]} 31. Kg2 {[%clk 0:11:18]} h5 {[%clk
0:10:30]} 32. h4 {[%clk 0:04:57]} Kg8 {[%clk 0:09:53]} 33. Ne1 {[%clk 0:05:13]}
Bd8 {[%clk 0:09:23]} 34. Nc2 {[%clk 0:05:06]} Bb6 {[%clk 0:09:39]} 35. Na3 {[%clk
0:03:21]} Qc6 {[%clk 0:09:39]} 1/2-1/2

[Event "Campeonato España Sub 16"]
[Site "Salobreña"]
[Date "2017.07.28"]
[Round "7"]
[White "Gomez Sanjuan, Hector Fernando"]
[Black "Lianes Garcia, Marcos"]
[Result "1-0"]
[Board "4"]
[WhiteClock "1:30"]
[WhiteElo "2189"]
[WhiteCountry "ESP"]
[WhiteFideId "22274960"]
[WhiteEloChange "14"]
[BlackClock "1:30"]
[BlackTitle "FM"]
[BlackElo "2352"]
[BlackCountry "ESP"]
[BlackFideId "32060777"]
[BlackEloChange "-14"]

1. d4 {[%clk 1:30:00]} Nf6 {[%clk 1:30:00]} 2. Nf3 {[%clk 1:31:00]} e6 {[%clk
1:30:00]} 3. c4 {[%clk 1:31:00]} d5 {[%clk 1:30:00]} 4. cxd5 {[%clk 1:30:00]}
exd5 {[%clk 1:31:00]} 5. Nc3 {[%clk 1:30:00]} Be7 {[%clk 1:30:00]} 6. Bg5 {[%clk
1:30:00]} O-O {[%clk 1:30:00]} 7. Qc2 {[%clk 1:30:00]} c6 {[%clk 1:30:00]} 8. e3
{[%clk 1:30:00]} Nbd7 {[%clk 1:27:00]} 9. Bd3 {[%clk 1:30:00]} h6 {[%clk
1:27:00]} 10. Bh4 {[%clk 1:30:00]} Re8 {[%clk 1:27:00]} 11. O-O {[%clk 1:28:00]}
Ne4 {[%clk 1:15:00]} 12. Bxe7 {[%clk 1:27:00]} Qxe7 {[%clk 1:15:00]} 13. Rab1
{[%clk 1:26:00]} f5 {[%clk 1:08:00]} 14. Ne2 {[%clk 1:22:00]} a5 {[%clk 1:02:00]}
15. a3 {[%clk 1:12:00]} g5 {[%clk 0:55:00]} 16. b4 {[%clk 1:09:00]} Rf8 {[%clk
0:46:00]} 17. Qc1 {[%clk 0:57:00]} Rf6 {[%clk 0:36:00]} 18. Rb2 {[%clk 0:49:00]}
Rg6 {[%clk 0:35:00]} 19. Nd2 {[%clk 0:46:00]} axb4 {[%clk 0:34:00]} 20. axb4
{[%clk 0:46:00]} Ra3 {[%clk 0:34:00]} 21. Qc2 {[%clk 0:43:00]} Nf8 {[%clk
0:31:00]} 22. Nb3 {[%clk 0:34:00]} Bd7 {[%clk 0:30:00]} 23. Nc5 {[%clk 0:33:00]}
b6 {[%clk 0:29:00]} 24. Nxd7 {[%clk 0:31:00]} Nxd7 {[%clk 0:25:00]} 25. Bxe4
{[%clk 0:31:00]} fxe4 {[%clk 0:26:00]} 26. Nc3 {[%clk 0:29:00]} Qd6 {[%clk
0:21:00]} 27. Rb3 {[%clk 0:29:00]} Ra8 {[%clk 0:21:00]} 28. Qd2 {[%clk 0:29:00]}
b5 {[%clk 0:20:00]} 29. Qb2 {[%clk 0:27:00]} Nb6 {[%clk 0:19:37]} 30. Ra3 {[%clk
0:26:00]} Rxa3 {[%clk 0:19:36]} 31. Qxa3 {[%clk 0:26:00]} Rf6 {[%clk 0:18:53]}
32. Ra1 {[%clk 0:23:00]} Nc4 {[%clk 0:18:39]} 33. Qa8+ {[%clk 0:22:00]} Rf8
{[%clk 0:18:45]} 34. Qb7 {[%clk 0:22:00]} Rf7 {[%clk 0:12:41]} 35. Ra8+ {[%clk
0:19:44]} Kg7 {[%clk 0:11:53]} 36. Qc8 {[%clk 0:19:50]} Kg6 {[%clk 0:08:20]} 37.
Qg8+ {[%clk 0:12:11]} Rg7 {[%clk 0:08:15]} 38. Qe8+ {[%clk 0:12:28]} Kh7 {[%clk
0:08:16]} 39. Rc8 {[%clk 0:09:16]} c5 {[%clk 0:03:10]} 40. Rc6 {[%clk 0:07:39]}
cxb4 {[%clk 0:03:28]} 41. Rxd6 {[%clk 0:00:42]} Nxd6 {[%clk 0:03:37]} 42. Qc6
{[%clk 0:00:37]} bxc3 {[%clk 0:04:00]} 43. Qxc3 {[%clk 0:00:32]} Rb7 {[%clk
0:02:58]} 44. Qc6 {[%clk 0:00:36]} Ra7 {[%clk 0:02:40]} 45. g3 {[%clk 0:00:48]}
Nc4 {[%clk 0:02:10]} 46. Qxb5 {[%clk 0:00:13]} Ra5 {[%clk 0:02:35]} 47. Qb7+
{[%clk 0:00:53]} Kg6 {[%clk 0:02:54]} 48. h4 {[%clk 0:00:59]} Ra1+ {[%clk
0:02:35]} 49. Kg2 {[%clk 0:01:13]} Ra2 {[%clk 0:02:48]} 50. Qc6+ {[%clk 0:01:04]}
Kg7 {[%clk 0:02:57]} 51. Qd7+ {[%clk 0:01:19]} Kg6 {[%clk 0:03:11]} 52. h5+
{[%clk 0:01:26]} Kxh5 {[%clk 0:03:18]} 53. Kh3 {[%clk 0:01:38]} Kg6 {[%clk
0:03:04]} 54. Qxd5 {[%clk 0:00:55]} Rxf2 {[%clk 0:02:58]} 55. Qxc4 {[%clk
0:00:06]} h5 {[%clk 0:03:22]} 56. Qe6+ {[%clk 0:00:55]} Kg7 {[%clk 0:03:46]} 57.
Qxe4 {[%clk 0:00:55]} 1-0

[Event "Campeonato España Sub 16"]
[Site "Salobreña"]
[Date "2017.07.28"]
[Round "7"]
[White "Callejas Rojas, Francisco Miguel"]
[Black "Sama Salinas, Hector"]
[Result "0-1"]
[Board "5"]
[WhiteClock "1:30"]
[WhiteElo "2164"]
[WhiteCountry "ESP"]
[WhiteFideId "32072503"]
[WhiteEloChange "-9"]
[BlackClock "1:30"]
[BlackElo "2205"]
[BlackCountry "ESP"]
[BlackFideId "32086857"]
[BlackEloChange "9"]

1. d4 {[%clk 1:30:00]} d6 {[%clk 1:30:00]} 2. c4 {[%clk 1:31:00]} e5 {[%clk
1:31:00]} 3. Nf3 {[%clk 1:24:00]} e4 {[%clk 1:31:00]} 4. Nfd2 {[%clk 1:25:00]} f5
{[%clk 1:31:00]} 5. Nc3 {[%clk 1:25:00]} Nf6 {[%clk 1:31:00]} 6. e3 {[%clk
1:26:00]} Be7 {[%clk 1:31:00]} 7. f3 {[%clk 1:22:00]} exf3 {[%clk 1:29:00]} 8.
Nxf3 {[%clk 1:19:00]} O-O {[%clk 1:29:00]} 9. Bd3 {[%clk 1:19:00]} c5 {[%clk
1:29:00]} 10. d5 {[%clk 1:13:00]} Nbd7 {[%clk 1:28:00]} 11. Bxf5 {[%clk 1:07:00]}
Nb6 {[%clk 1:26:00]} 12. Bxc8 {[%clk 1:02:00]} Qxc8 {[%clk 1:26:00]} 13. b3
{[%clk 0:58:00]} Ng4 {[%clk 1:19:00]} 14. O-O {[%clk 0:54:00]} Bf6 {[%clk
1:09:00]} 15. Qd3 {[%clk 0:50:00]} Ne5 {[%clk 1:02:00]} 16. Nxe5 {[%clk 0:44:00]}
Bxe5 {[%clk 1:02:00]} 17. Rxf8+ {[%clk 0:38:00]} Qxf8 {[%clk 1:03:00]} 18. Bd2
{[%clk 0:30:00]} Qe7 {[%clk 0:52:00]} 19. Rf1 {[%clk 0:29:00]} Qh4 {[%clk
0:50:00]} 20. h3 {[%clk 0:23:00]} Qg3 {[%clk 0:50:00]} 21. Rf3 {[%clk 0:23:00]}
Qh2+ {[%clk 0:49:00]} 22. Kf2 {[%clk 0:23:00]} Nd7 {[%clk 0:46:00]} 23. Qb1
{[%clk 0:15:45]} Bf6 {[%clk 0:41:00]} 24. Ne2 {[%clk 0:04:09]} Bh4+ {[%clk
0:22:00]} 25. Kf1 {[%clk 0:04:38]} Ne5 {[%clk 0:21:00]} 26. Rf4 {[%clk 0:02:18]}
Bg5 {[%clk 0:18:30]} 27. Rf5 {[%clk 0:02:03]} g6 {[%clk 0:17:52]} 28. Rf2 {[%clk
0:00:33]} Bh4 {[%clk 0:15:40]} 29. Rf4 {[%clk 0:00:49]} Qh1+ {[%clk 0:15:14]} 30.
Ng1 {[%clk 0:01:01]} Bg3 {[%clk 0:14:52]} 31. Be1 {[%clk 0:00:34]} Bxf4 {[%clk
0:13:45]} 32. exf4 {[%clk 0:01:01]} Rf8 {[%clk 0:13:16]} 33. Bg3 {[%clk 0:01:18]}
Rf5 {[%clk 0:04:19]} 34. Qe4 {[%clk 0:01:07]} Nf7 {[%clk 0:02:59]} 35. Qe7 {[%clk
0:00:40]} b5 {[%clk 0:01:37]} 36. Qe4 {[%clk 0:00:35]} bxc4 {[%clk 0:01:00]} 37.
bxc4 {[%clk 0:01:02]} Kg7 {[%clk 0:00:55]} 38. a4 {[%clk 0:00:54]} a5 {[%clk
0:00:36]} 39. Kf2 {[%clk 0:00:36]} h5 {[%clk 0:00:32]} 40. h4 {[%clk 0:00:37]}
Ne5 {[%clk 0:00:39]} 41. Kf1 {[%clk 0:00:38]} Ng4 {[%clk 0:00:31]} 42. Qe7+
{[%clk 0:00:35]} Rf7 {[%clk 0:00:35]} 43. Qe1 {[%clk 0:00:44]} Kf8 {[%clk
0:00:33]} 44. Qc3 {[%clk 0:00:35]} Kg8 {[%clk 0:00:32]} 45. Qd3 {[%clk 0:00:52]}
Kg7 {[%clk 0:00:37]} 46. Qc3+ {[%clk 0:01:19]} Kh7 {[%clk 0:00:50]} 47. Qe1
{[%clk 0:01:13]} Rb7 {[%clk 0:00:36]} 48. Bf2 {[%clk 0:00:32]} Nh2+ {[%clk
0:00:37]} 49. Ke2 {[%clk 0:00:53]} Re7+ {[%clk 0:00:41]} 50. Be3 {[%clk 0:01:10]}
Ng4 {[%clk 0:00:40]} 51. Qf1 {[%clk 0:01:13]} Nxe3 {[%clk 0:00:40]} 0-1

[Event "Campeonato España Sub 16"]
[Site "Salobreña"]
[Date "2017.07.28"]
[Round "7"]
[White "Fernandez Camello, Alejandro"]
[Black "Masague Artero, Guerau"]
[Result "1/2-1/2"]
[Board "6"]
[WhiteClock "1:30"]
[WhiteElo "2097"]
[WhiteCountry "ESP"]
[WhiteFideId "32038992"]
[WhiteEloChange "-4"]
[BlackClock "1:30"]
[BlackElo "1965"]
[BlackCountry "ESP"]
[BlackFideId "32098952"]
[BlackEloChange "4"]

1. d4 {[%clk 1:30:00]} Nf6 {[%clk 1:30:00]} 2. c4 {[%clk 1:31:00]} e6 {[%clk
1:31:00]} 3. Nc3 {[%clk 1:31:00]} Bb4 {[%clk 1:31:00]} 4. e3 {[%clk 1:32:00]} b6
{[%clk 1:31:00]} 5. Ne2 {[%clk 1:32:00]} Ba6 {[%clk 1:32:00]} 6. Ng3 {[%clk
1:33:00]} Bxc3+ {[%clk 1:27:00]} 7. bxc3 {[%clk 1:33:00]} d5 {[%clk 1:27:00]} 8.
Ba3 {[%clk 1:34:00]} Bxc4 {[%clk 1:26:00]} 9. Bxc4 {[%clk 1:34:00]} dxc4 {[%clk
1:26:00]} 10. Qa4+ {[%clk 1:34:00]} Qd7 {[%clk 1:26:00]} 11. Qxc4 {[%clk
1:35:00]} Qc6 {[%clk 1:27:00]} 12. Qxc6+ {[%clk 1:35:00]} Nxc6 {[%clk 1:27:00]}
13. c4 {[%clk 1:36:00]} a5 {[%clk 1:13:00]} 14. Ke2 {[%clk 1:35:00]} Nb4 {[%clk
1:11:00]} 15. Bb2 {[%clk 1:34:00]} a4 {[%clk 0:59:00]} 16. Bc3 {[%clk 1:12:00]}
Nc6 {[%clk 0:56:00]} 17. Rhc1 {[%clk 1:06:00]} a3 {[%clk 0:51:00]} 18. Rab1
{[%clk 0:58:00]} Ra4 {[%clk 0:48:00]} 19. d5 {[%clk 0:47:00]} Nd8 {[%clk
0:41:00]} 20. d6 {[%clk 0:41:00]} Kd7 {[%clk 0:28:00]} 21. dxc7 {[%clk 0:33:00]}
Kxc7 {[%clk 0:28:00]} 22. Be5+ {[%clk 0:32:00]} Kc6 {[%clk 0:28:00]} 23. Bd4
{[%clk 0:32:00]} Ra6 {[%clk 0:28:00]} 24. Rb3 {[%clk 0:32:00]} Nb7 {[%clk
0:27:00]} 25. Rcc3 {[%clk 0:23:00]} Rha8 {[%clk 0:27:00]} 26. Rb5 {[%clk
0:21:00]} Nc5 {[%clk 0:25:00]} 27. Bxc5 {[%clk 0:21:00]} bxc5 {[%clk 0:26:00]}
28. Rcb3 {[%clk 0:22:00]} Nd7 {[%clk 0:23:00]} 29. Ne4 {[%clk 0:22:00]} Rb6
{[%clk 0:22:00]} 30. Kd2 {[%clk 0:20:00]} h6 {[%clk 0:19:38]} 31. Kc3 {[%clk
0:20:00]} Ra4 {[%clk 0:18:34]} 32. f4 {[%clk 0:18:41]} f5 {[%clk 0:14:54]} 33.
Nxc5 {[%clk 0:16:49]} Rxb5 {[%clk 0:12:06]} 34. Nxa4 {[%clk 0:17:14]} Ra5 {[%clk
0:12:22]} 35. Rxa3 {[%clk 0:14:46]} Ra8 {[%clk 0:12:26]} 36. Kb2 {[%clk 0:14:58]}
g5 {[%clk 0:12:18]} 37. Nc3 {[%clk 0:14:55]} Rb8+ {[%clk 0:12:45]} 38. Kc2 {[%clk
0:15:06]} Nc5 {[%clk 0:12:21]} 39. Ra7 {[%clk 0:15:05]} Rb4 {[%clk 0:11:57]} 40.
Rh7 {[%clk 0:07:36]} Rxc4 {[%clk 0:11:44]} 41. Rxh6 {[%clk 0:08:01]} gxf4 {[%clk
0:11:02]} 42. exf4 {[%clk 0:08:22]} Rxf4 {[%clk 0:11:02]} 1/2-1/2

[Event "Campeonato España Sub 16"]
[Site "Salobreña"]
[Date "2017.07.28"]
[Round "7"]
[White "Ortin Blanco, Inigo"]
[Black "Plazuelo Pascual, Juan"]
[Result "0-1"]
[Board "7"]
[WhiteClock "1:30"]
[WhiteElo "2090"]
[WhiteCountry "ESP"]
[WhiteFideId "32010125"]
[WhiteEloChange "-4"]
[BlackClock "1:30"]
[BlackTitle "FM"]
[BlackElo "2334"]
[BlackCountry "ESP"]
[BlackFideId "32059566"]
[BlackEloChange "4"]

1. d4 {[%clk 1:30:00]} d5 {[%clk 1:30:00]} 2. c4 {[%clk 1:30:00]} e6 {[%clk
1:31:00]} 3. Nf3 {[%clk 1:30:00]} Nf6 {[%clk 1:31:00]} 4. g3 {[%clk 1:30:00]}
Bb4+ {[%clk 1:31:00]} 5. Bd2 {[%clk 1:30:00]} Be7 {[%clk 1:31:00]} 6. Bg2 {[%clk
1:29:00]} c6 {[%clk 1:32:00]} 7. Qc2 {[%clk 1:28:00]} Nbd7 {[%clk 1:32:00]} 8.
O-O {[%clk 1:28:00]} Ne4 {[%clk 1:32:00]} 9. Nc3 {[%clk 1:24:00]} f5 {[%clk
1:32:00]} 10. Bf4 {[%clk 1:16:00]} g5 {[%clk 1:29:00]} 11. Be5 {[%clk 1:15:00]}
O-O {[%clk 1:27:00]} 12. Ne1 {[%clk 1:06:00]} Nxe5 {[%clk 1:15:00]} 13. dxe5
{[%clk 1:06:00]} Qb6 {[%clk 1:12:00]} 14. e3 {[%clk 0:53:00]} Qa6 {[%clk
1:00:00]} 15. Ne2 {[%clk 0:32:00]} Qxc4 {[%clk 0:45:00]} 16. Qxc4 {[%clk
0:28:00]} dxc4 {[%clk 0:44:00]} 17. Bxe4 {[%clk 0:26:00]} fxe4 {[%clk 0:45:00]}
18. Rd1 {[%clk 0:21:00]} Rf5 {[%clk 0:40:00]} 19. Rc1 {[%clk 0:20:00]} Rxe5
{[%clk 0:39:00]} 20. Rxc4 {[%clk 0:20:00]} b6 {[%clk 0:38:00]} 21. Ra4 {[%clk
0:15:28]} a5 {[%clk 0:30:00]} 22. Nc2 {[%clk 0:11:40]} Ba6 {[%clk 0:29:00]} 23.
Re1 {[%clk 0:11:19]} Bd3 {[%clk 0:27:00]} 24. Ncd4 {[%clk 0:11:04]} Bb4 {[%clk
0:25:00]} 25. Nc3 {[%clk 0:08:00]} Bb5 {[%clk 0:22:00]} 26. Rxb4 {[%clk 0:04:29]}
axb4 {[%clk 0:22:00]} 27. Ncxb5 {[%clk 0:04:55]} cxb5 {[%clk 0:22:00]} 28. Nc6
{[%clk 0:04:44]} Rc5 {[%clk 0:23:00]} 29. Nxb4 {[%clk 0:05:04]} Rc4 {[%clk
0:22:00]} 30. a3 {[%clk 0:05:19]} Rd8 {[%clk 0:21:00]} 31. Re2 {[%clk 0:05:24]}
Rc1+ {[%clk 0:21:00]} 32. Kg2 {[%clk 0:05:49]} g4 {[%clk 0:21:00]} 33. Na2 {[%clk
0:05:58]} Rc4 {[%clk 0:20:00]} 34. Nb4 {[%clk 0:04:27]} Kg7 {[%clk 0:16:57]} 35.
Na2 {[%clk 0:04:25]} h5 {[%clk 0:17:07]} 36. Nb4 {[%clk 0:03:52]} Kg6 {[%clk
0:14:55]} 37. Na2 {[%clk 0:04:10]} Kf5 {[%clk 0:12:25]} 38. Nb4 {[%clk 0:03:12]}
Rc5 {[%clk 0:12:35]} 39. h4 {[%clk 0:02:40]} Rd1 {[%clk 0:11:16]} 40. Na2 {[%clk
0:02:55]} Rd7 {[%clk 0:08:54]} 41. Nb4 {[%clk 0:03:13]} Kf6 {[%clk 0:09:09]} 42.
Na2 {[%clk 0:03:36]} Rc4 {[%clk 0:09:18]} 43. Nb4 {[%clk 0:03:52]} Ke7 {[%clk
0:09:30]} 44. Na2 {[%clk 0:04:08]} Kd8 {[%clk 0:09:36]} 45. Nb4 {[%clk 0:04:27]}
Kc8 {[%clk 0:09:54]} 46. Na2 {[%clk 0:04:46]} Kb7 {[%clk 0:10:05]} 47. Nb4 {[%clk
0:05:05]} Rc5 {[%clk 0:09:33]} 48. Kh2 {[%clk 0:05:22]} Rd1 {[%clk 0:09:10]} 49.
Na2 {[%clk 0:05:40]} Rcd5 {[%clk 0:09:07]} 50. Kg2 {[%clk 0:03:31]} R5d2 {[%clk
0:09:08]} 51. Nc3 {[%clk 0:03:05]} Rxe2 {[%clk 0:09:23]} 52. Nxe2 {[%clk
0:02:59]} Rd2 {[%clk 0:09:14]} 53. Nd4 {[%clk 0:03:25]} Rxb2 {[%clk 0:09:37]} 54.
Nxe6 {[%clk 0:03:46]} b4 {[%clk 0:09:37]} 0-1

[Event "Campeonato España Sub 16"]
[Site "Salobreña"]
[Date "2017.07.28"]
[Round "7"]
[White "Marzo Pie, Xavier"]
[Black "Roldan Marques, Daniel"]
[Result "1-0"]
[Board "8"]
[WhiteClock "1:30"]
[WhiteElo "1996"]
[WhiteCountry "ESP"]
[WhiteFideId "32086440"]
[WhiteEloChange "17"]
[BlackClock "1:30"]
[BlackTitle "FM"]
[BlackElo "2300"]
[BlackCountry "ESP"]
[BlackFideId "32063318"]
[BlackEloChange "-17"]

1. d4 {[%clk 1:30:00]} d5 {[%clk 1:30:00]} 2. c4 {[%clk 1:31:00]} e6 {[%clk
1:31:00]} 3. Nc3 {[%clk 1:31:00]} c6 {[%clk 1:31:00]} 4. Nf3 {[%clk 1:31:00]}
dxc4 {[%clk 1:31:00]} 5. a4 {[%clk 1:31:00]} Bb4 {[%clk 1:32:00]} 6. e3 {[%clk
1:29:00]} b5 {[%clk 1:32:00]} 7. Bd2 {[%clk 1:28:00]} a5 {[%clk 1:32:00]} 8. Ne5
{[%clk 1:22:00]} Bb7 {[%clk 1:19:00]} 9. Qf3 {[%clk 1:15:00]} Qc7 {[%clk
1:19:00]} 10. Qg3 {[%clk 1:14:00]} f6 {[%clk 1:17:00]} 11. Ng6 {[%clk 1:14:00]}
Bd6 {[%clk 1:06:00]} 12. Qh3 {[%clk 1:14:00]} hxg6 {[%clk 1:06:00]} 13. Qxh8
{[%clk 1:14:00]} Kf7 {[%clk 1:06:00]} 14. Qh3 {[%clk 1:14:00]} Bb4 {[%clk
0:59:00]} 15. Be2 {[%clk 1:08:00]} Ne7 {[%clk 0:57:00]} 16. Bf3 {[%clk 1:04:00]}
Nd5 {[%clk 0:52:00]} 17. O-O {[%clk 0:50:00]} Bxc3 {[%clk 0:49:00]} 18. bxc3
{[%clk 0:50:00]} Nd7 {[%clk 0:39:00]} 19. Rfb1 {[%clk 0:47:00]} Ba6 {[%clk
0:29:00]} 20. e4 {[%clk 0:46:00]} Ne7 {[%clk 0:27:00]} 21. axb5 {[%clk 0:41:00]}
cxb5 {[%clk 0:26:00]} 22. d5 {[%clk 0:41:00]} 1-0

[Event "Campeonato España Sub 16"]
[Site "Salobreña"]
[Date "2017.07.28"]
[Round "7"]
[White "Castillo Dalmau, Albert"]
[Black "Dominguez Ruiz, Mario"]
[Result "0-1"]
[Board "9"]
[WhiteClock "1:30"]
[WhiteElo "2258"]
[WhiteCountry "ESP"]
[WhiteFideId "32009925"]
[WhiteEloChange "-16"]
[BlackClock "1:30"]
[BlackElo "2004"]
[BlackCountry "ESP"]
[BlackFideId "32092563"]
[BlackEloChange "16"]

1. Nf3 {[%clk 1:30:00]} Nf6 {[%clk 1:30:00]} 2. c4 {[%clk 1:31:00]} c6 {[%clk
1:30:00]} 3. g3 {[%clk 1:31:00]} d5 {[%clk 1:30:00]} 4. b3 {[%clk 1:26:00]} Bg4
{[%clk 1:30:00]} 5. Bg2 {[%clk 1:24:00]} Nbd7 {[%clk 1:25:00]} 6. Bb2 {[%clk
1:23:00]} e6 {[%clk 1:23:00]} 7. O-O {[%clk 1:23:00]} Bd6 {[%clk 1:21:00]} 8. d3
{[%clk 1:21:00]} O-O {[%clk 1:19:00]} 9. Nbd2 {[%clk 1:19:00]} Re8 {[%clk
1:16:00]} 10. Rc1 {[%clk 1:15:00]} Qe7 {[%clk 1:16:00]} 11. Rc2 {[%clk 0:50:00]}
a5 {[%clk 1:16:00]} 12. h3 {[%clk 0:48:00]} Bh5 {[%clk 1:16:00]} 13. Nd4 {[%clk
0:47:00]} Bg6 {[%clk 1:16:00]} 14. cxd5 {[%clk 0:44:00]} exd5 {[%clk 1:15:00]}
15. N2f3 {[%clk 0:44:00]} a4 {[%clk 1:14:00]} 16. Nh4 {[%clk 0:43:00]} axb3
{[%clk 1:13:00]} 17. axb3 {[%clk 0:43:00]} Ba3 {[%clk 1:12:00]} 18. Nxg6 {[%clk
0:41:00]} hxg6 {[%clk 1:13:00]} 19. Ba1 {[%clk 0:41:00]} Qb4 {[%clk 1:11:00]} 20.
Qb1 {[%clk 0:39:00]} Qb6 {[%clk 1:10:00]} 21. Ra2 {[%clk 0:34:00]} Nc5 {[%clk
1:03:00]} 22. Rd1 {[%clk 0:31:00]} Bb4 {[%clk 0:59:00]} 23. Bf1 {[%clk 0:29:00]}
Ra5 {[%clk 0:58:00]} 24. Rxa5 {[%clk 0:22:00]} Qxa5 {[%clk 0:58:00]} 25. Qc2
{[%clk 0:22:00]} Ra8 {[%clk 0:56:00]} 26. Bb2 {[%clk 0:21:00]} Qb6 {[%clk
0:56:00]} 27. Ra1 {[%clk 0:21:00]} Rxa1 {[%clk 0:56:00]} 28. Bxa1 {[%clk
0:21:00]} Qa5 {[%clk 0:56:00]} 29. Qb2 {[%clk 0:22:00]} Ba3 {[%clk 0:52:00]} 30.
Qa2 {[%clk 0:21:00]} Bb4 {[%clk 0:53:00]} 31. Qb2 {[%clk 0:20:00]} Ba3 {[%clk
0:53:00]} 32. Qb1 {[%clk 0:21:00]} Bb4 {[%clk 0:53:00]} 33. Nc2 {[%clk 0:20:00]}
Ne8 {[%clk 0:49:00]} 34. f3 {[%clk 0:12:47]} Ne6 {[%clk 0:35:00]} 35. e3 {[%clk
0:11:12]} Nd6 {[%clk 0:31:00]} 36. Kf2 {[%clk 0:10:19]} Nb5 {[%clk 0:29:00]} 37.
Nxb4 {[%clk 0:09:31]} Qxb4 {[%clk 0:30:00]} 38. d4 {[%clk 0:08:57]} Qd2+ {[%clk
0:29:00]} 39. Be2 {[%clk 0:09:11]} Ng5 {[%clk 0:28:00]} 40. Qf1 {[%clk 0:07:48]}
Na3 {[%clk 0:27:00]} 41. h4 {[%clk 0:07:16]} Nc2 {[%clk 0:25:00]} 42. Bb2 {[%clk
0:02:30]} Qxe3+ {[%clk 0:24:00]} 43. Kg2 {[%clk 0:02:57]} Ne6 {[%clk 0:25:00]}
44. Qf2 {[%clk 0:01:35]} Qxb3 {[%clk 0:24:00]} 45. Bc1 {[%clk 0:01:40]} Ncxd4
{[%clk 0:25:00]} 46. Bf1 {[%clk 0:01:48]} b5 {[%clk 0:24:00]} 47. Be3 {[%clk
0:02:03]} Nc2 {[%clk 0:23:00]} 48. Bd2 {[%clk 0:01:19]} d4 {[%clk 0:23:00]} 49.
f4 {[%clk 0:01:39]} b4 {[%clk 0:22:00]} 50. Kh2 {[%clk 0:01:45]} Ne3 {[%clk
0:19:03]} 51. Bh3 {[%clk 0:02:03]} Nc5 {[%clk 0:18:07]} 52. Bxe3 {[%clk 0:01:35]}
dxe3 {[%clk 0:18:04]} 53. Qg2 {[%clk 0:02:00]} Qd5 {[%clk 0:18:04]} 0-1

[Event "Campeonato España Sub 16"]
[Site "Salobreña"]
[Date "2017.07.28"]
[Round "7"]
[White "Toquero Gracia, Pau"]
[Black "Aguilera Lopez, Alejandro"]
[Result "0-1"]
[Board "10"]
[WhiteClock "1:30"]
[WhiteElo "1971"]
[WhiteCountry "ESP"]
[WhiteFideId "32086296"]
[WhiteEloChange "-3"]
[BlackClock "1:30"]
[BlackElo "2251"]
[BlackCountry "ESP"]
[BlackFideId "32093810"]
[BlackEloChange "3"]

1. e4 {[%clk 1:30:00]} c5 {[%clk 1:30:00]} 2. Nf3 {[%clk 1:31:00]} e6 {[%clk
1:30:00]} 3. c3 {[%clk 1:31:00]} Nf6 {[%clk 1:31:00]} 4. e5 {[%clk 1:32:00]} Nd5
{[%clk 1:31:00]} 5. d4 {[%clk 1:32:00]} cxd4 {[%clk 1:31:00]} 6. cxd4 {[%clk
1:32:00]} Nc6 {[%clk 1:32:00]} 7. Bc4 {[%clk 1:33:00]} d6 {[%clk 1:32:00]} 8. a3
{[%clk 1:33:00]} Be7 {[%clk 1:31:00]} 9. O-O {[%clk 1:33:00]} O-O {[%clk
1:31:00]} 10. Qc2 {[%clk 1:33:00]} Bd7 {[%clk 1:30:00]} 11. Bd3 {[%clk 1:33:00]}
h6 {[%clk 1:26:00]} 12. Qe2 {[%clk 1:32:00]} Qb6 {[%clk 1:17:00]} 13. Rd1 {[%clk
1:31:00]} dxe5 {[%clk 1:15:00]} 14. dxe5 {[%clk 1:31:00]} Bc5 {[%clk 1:14:00]}
15. Nc3 {[%clk 1:26:00]} Nce7 {[%clk 1:13:00]} 16. Ne4 {[%clk 1:22:00]} Ba4
{[%clk 1:09:00]} 17. Re1 {[%clk 1:15:00]} Nf5 {[%clk 1:02:00]} 18. Rb1 {[%clk
1:07:00]} Be7 {[%clk 1:00:00]} 19. b3 {[%clk 1:02:00]} Bc6 {[%clk 1:00:00]} 20.
b4 {[%clk 1:02:00]} Ba4 {[%clk 0:58:00]} 21. Bd2 {[%clk 1:00:00]} Rfd8 {[%clk
0:49:00]} 22. Nc3 {[%clk 0:55:00]} Nxc3 {[%clk 0:46:00]} 23. Bxc3 {[%clk
0:55:00]} Rac8 {[%clk 0:46:00]} 24. Rbc1 {[%clk 0:50:00]} a5 {[%clk 0:45:00]} 25.
Bxf5 {[%clk 0:44:00]} exf5 {[%clk 0:41:00]} 26. Bd4 {[%clk 0:42:00]} Qe6 {[%clk
0:38:00]} 27. Qb2 {[%clk 0:36:00]} axb4 {[%clk 0:37:00]} 28. axb4 {[%clk
0:37:00]} Bc6 {[%clk 0:37:00]} 29. Re3 {[%clk 0:27:00]} Bxf3 {[%clk 0:35:00]} 30.
gxf3 {[%clk 0:27:00]} Rxc1+ {[%clk 0:35:00]} 0-1